000
00194nam a22000857a 4500
999
_c
16273
_d
16273
003
OSt
008
200629b ||||| |||| 00| 0 eng d
245
_a
Agricultural Co-operation in India
942
_c
BK